000 00336nam a2200133Ia 4500
100 _aEilon/ Samuel
942 _cBK
654 _aproduction planning and control
245 _aElements of production planning and control
260 _bUniversal Book Corporation
_aBombay
_c1981
082 _a658.5
300 _a587
546 _aENGLISH
999 _c22038
_d22038